Giáo trình bảo quản nông sản

Trình bày các vấn đề chính của công nghệ sau thu hoạch: Tổn thất sau thu hoạch và hướng hạn chế tổn thất sau thu hoạch; đặc điểm của nông sản; đặc điểm của nông sản, môi trường bảo quản; bao gói và lưu kho; cuối cùng là các nguyên lý và ph...

Descrición completa

Gardado en:
Detalles Bibliográficos
Autor Principal: Nguyễn, Mạnh Khải
Formato: Libro
Idioma:Undetermined
Publicado: Hà Nội Nông nghiệp 2006
Những chủ đề:
Các nhãn: Engadir etiqueta
Sen Etiquetas, Sexa o primeiro en etiquetar este rexistro!
Thư viện lưu trữ: Trung tâm Học liệu Trường Đại học Cần Thơ
LEADER 01202nam a2200241Ia 4500
001 CTU_121483
008 210402s9999 xx 000 0 und d
020 |c 64000 
082 |a 631.56 
082 |b Kh103 
100 |a Nguyễn, Mạnh Khải 
245 0 |a Giáo trình bảo quản nông sản 
245 0 |c Nguyễn Mạnh Khải, Nguyễn Thị Bích Thuỷ, Đinh Sơn Quang 
260 |a Hà Nội 
260 |b Nông nghiệp 
260 |c 2006 
520 |a Trình bày các vấn đề chính của công nghệ sau thu hoạch: Tổn thất sau thu hoạch và hướng hạn chế tổn thất sau thu hoạch; đặc điểm của nông sản; đặc điểm của nông sản, môi trường bảo quản; bao gói và lưu kho; cuối cùng là các nguyên lý và phương pháp bảo quản 
526 |a Kỹ thuật sấy và bảo quản nông sản thực phẩm,Thâm cứu bảo quản sau thu hoạch 
526 |b CN556,NN715 
650 |a Crops,Farm produce 
650 |x Postharvest technology.,Storage 
904 |i Minh 
980 |a Trung tâm Học liệu Trường Đại học Cần Thơ